01809cam a22003975i 4500999001700000001000900017003000900026005001700035008004100052020002200093020001800115040003800133082002000171245009400191246001300285250002000298250001700318264004600335300002900381336002600410337002800436338002700464490003100491500014000522520012400662650004400786651001000830653003500840700003400875700003300909856004600942942001900988952012501007952013801132952014101270 c25546d2551813404212EG-ScBUE20200128093822.0031114s2003 enk f d 000 0 eng d a0192802763 (pbk.) a9780192802767 aDLCbengerdacDLCdDLCdEG-ScBUE04a320.03bCON22204aThe concise Oxford dictionary of politics /cedited by Iain McLean and Alistair McMillan.30aPolitics aSecond edition. aNew edition. 1aOxford :bOxford University Press,c2003. axii, 606 pages ;c20 cm. atextbtxt2rdacontent aunmediated2rdamediabn avolumebnc2rdacarrier0 aOxford paperback reference aMany books in the Oxford paperback reference series are available as an e-book. Visit "www.askoxford.com/shoponline/ebooks/for details" aAlphabetically arranged entries provide information on political institutions, concepts, leaders, thinkers, and terms.  7aPolitical sciencevDictionaries.2BUEsh 2BUEsh bBUSBOLbHHUUEENNcNovember20171 aMcLean, Iain,eeditor.9262311 aMcMillan, Alistair,eeditor.403Online E-bookuhttps://languages.oup.com/ 2ddccREFERENCE 00102ddc40708BaccahaMAINbMAINc1STd2017-11-08ePurchasel0o320.03 CONp000042421r2026-04-21 00:00:00yREFERENCE 00102ddc40708unknownaMAINbMAINc1STd2017-11-08ePurchasel0o320.03 CONp000042422r2025-07-15 00:00:00w2017-11-08yREFERENCE 00102ddc40708unknownaMAINbMAINc1STd2017-11-23ePurchasel1m9o320.03 CONp000042294r2025-07-15 00:00:00s2019-11-13yREFERENCE